| 000 | 00882nam a2200253Ia 4500 | ||
|---|---|---|---|
| 003 | OSt | ||
| 005 | 20220930204350.0 | ||
| 006 | a|||||r|||| 00| 0 | ||
| 007 | ta | ||
| 008 | 220926b |||||||| |||| 00| 0 eng d | ||
| 024 | _a38191 | ||
| 037 | _cDissertations | ||
| 040 |
_aCRL _cCRL _beng |
||
| 041 |
_2eng _aeng |
||
| 100 |
_aVerma Lalita Au. _9550900 |
||
| 110 |
_aUniversity of Delhi. Faculty of Social Sciences. Department of Home Science _9566936 |
||
| 245 | 0 |
_aConsumption pattern and acceptability of mid day meal among 5 - 6 year olds _b A study in government schools of Delhi |
|
| 260 | _c2015 | ||
| 300 |
_a240p.ixvi _ccm. |
||
| 700 | _a Dr. Anupa Siddhu Gu. | ||
| 700 |
_aUniversity of Delhi. Faculty of Social Sciences. Department of Home Science _9566937 |
||
| 942 |
_cDIS _2CC |
||
| 999 |
_c905935 _d905935 |
||